00257nam a2200097Ia 4500008004000000082001700040100001800057245004900075260002800124300000700152210210b1965 xxu||||| |||| 00| 0 eng d a824.009 MULS aMULLIK (B R). aStudies in prose-writers.V14- Mathew Arnold. aN DbChand & Co.,c1965 a44